000 00827cam a2200265 4500
001 4618788
003 ARRUPE
005 20131107134921.0
008 691024s1969 enkabcg b 001 0beng
010 _a 77422962
015 _aB69-16638
020 _a050013023X
040 _aDLC
_cDLC
_dDLC
050 0 0 _aPR4036
_b.L38 1969b
082 0 0 _a823/.7
_aB
100 1 _aLaski, Marghanita,
_d1915-1988.
_93480
245 1 0 _aJane Austen and her world.
260 _aLondon,
_bThames and Hudson,
_c1969.
300 _a143 p.
_billus., facsims., geneal. table, map, music, ports.
_c24 cm.
504 _aBibliography: p. 138-139.
600 1 0 _aAusten, Jane,
_d1775-1817.
_93481
650 0 _aNovelists, English
_y19th century
_vBiography.
_93482
906 _a7
_bcbc
_corignew
_du
_encip
_f19
_gy-gencatlg
942 _2lcc
_cMONOGRAPH
999 _c118574
_d118574